000 00490nam a2200181Ia 4500
008 240925s9999 xx 000 0 und d
020 _a9780495605102
082 _a174.962 HAR
100 _aHarris ,Charles E.
245 0 _aEngineering Ethics: concepts & cases
250 _a4th
260 _aAustralia:
_bWadsworth
_c,2011.
300 _axix,1012p.
_bN.a
_fPirated
500 _aIncludes Index
600 _aEngineering Technology
650 _aPhilosophy & psychology
942 _cBK
999 _c11048
_d11048